Responses for Show #3931 - Monday, October 8, 2001

(Cheryl: I'm Cheryl of the Clue Crew. See what we serve up today on Jeopardy!)

Contestants

[<< previous game]

Brandon Ferris, a director of communications from Concord, New Hampshire

Kathy Widmayer, a systems project manager from Moorestown, New Jersey

Rod Sanders, a master control operator from Corpus Christi, Texas (whose 3-day cash winnings total $21,900)

[next game >>]

Jeopardy! Round responses

THE HISTORY OF INDIA
INTERNET LINGO
(Alex: We're all up on that, I'm sure!)
JENNIFER
U.S. STATES
TENNIS
CROSSWORD CLUES "G"
    $100 16
(Rod: What is New Delhi?)

(1 of 3) Bombay, Calcutta or Madras

RodKathy
    $100 23
day job

Rod
    $100 1
(Alex: Rod, your sister is Jennifer Lopez?)
(Rod: No!)

Jennifer Lopez

Rod
    $100 10
Massachusetts

Brandon
    $100 5
(Kathy: What is a fault?)

let

KathyBrandon
    $100 20
grain

Rod
    $200 17
Buddhism

Kathy
    $200 27
Marge Simpson

Rod
    $200 2
Jennifer Tilly

Rod
    $200 12
(Rod: What is Rhode Island?)

Delaware

RodKathy
    $200 6
rally

Brandon
    $200 21
grandfather

Rod
    $300 18
Pakistan

Kathy
    $300 28
a crook

Brandon
    $300 3
Jennifer Aniston

Rod
    $300 13
Minnesota

Kathy
    $300 7
(Kathy: What is a fault?)
(Alex: Be more specific.)
(Kathy: line fault?)

foot fault

RodKathy
    $300 22
Great

Brandon
    $400 19
steel

Rod
    $400 29
Mattel

Kathy
    $400 4
Jennifer Warnes

Brandon
    $400 14
Indiana

Rod
    $400 8
(Brandon: Who is Rod Laver?)

Andy Roddick

Brandon
Triple Stumper
    $1,100 24
(Alex: Minute to go.)

gigolo

Rod
    $500 26
(Rod: What is Hindustani?)
(Kathy: What is Sanskrit?)

Hindi

RodKathy
Triple Stumper
    $500 30
Elvis Presley

Rod
    $500 9
Jennifer Grey

Rod
    $500 15
New Jersey

Kathy
    $500 11
overhead

Brandon
    $500 25
(Brandon: What is a Great Dane?)

greyhound

KathyBrandon

Scores at the first commercial break (after clue 15):

Rod Kathy Brandon
$1,600 $600 $900

Scores at the end of the Jeopardy! Round:

Rod Kathy Brandon
$3,600 $1,600 $1,000

Double Jeopardy! Round responses

OLD & MIDDLE ENGLISH LIT
DEAD SCIENTISTS SOCIETY
IN THE DICTIONARY
CAPITAL CITY BIRTHPLACES
MARSHALL MATTERS
THE REAL SLIM PICKENS
    $200 5
Beowulf

Rod
    $200 1
mercury

Rod
    $200 2
para

Rod
    $200 9
Rome

Kathy
    $200 17
Thurgood Marshall

Rod
    $200 19
Dr. Strangelove

Rod
    $400 25
The Canterbury Tales

Triple Stumper
    $400 8
rubber

Rod
    $400 3
(Kathy: What is the s?)

e

RodKathy
    $400 10
Paris

Rod
    $400 18
(Kathy: Who is John Jay?)

John Marshall

KathyBrandon
    $400 24
Hee Haw

Kathy
    $600 26
Piers Plowman

Kathy
    $600 14
(Rod: What is krill?)

plankton

RodBrandon
    $600 4
(Brandon: What is a duffel?)

ditty

KathyBrandon
    $600 11
(Rod: [no response])
(Kathy: What is Madrid?)
....
(Alex: I love to say that name!)

Mexico City

RodKathy
Triple Stumper
    $600 20
Peter Marshall

Rod
    $600 29
Blazing Saddles

Rod
    $800 27
(Kathy: Who is Galahad?)
....
(Alex: Less than a minute now.)

Sir Gawain

RodKathy
    $900 15
George Eastman

Brandon
    $800 6
tonsure

Kathy
    $800 12
Athens

Kathy
    $1,600 21
Garry Marshall

Rod
    $800 30
(Rod: Who is Jesse James?)

Billy the Kid

Rod
Triple Stumper
    $1000 28
Bede

Rod
    $1000 16
Felix Christian Klein

Triple Stumper
    $1000 7
scrumptious

Triple Stumper
    $1000 13
Prague

Kathy
    $1000 22
George Marshall

Brandon
    $1000 23
B.J. and the Bear

Rod

Scores at the end of the Double Jeopardy! Round:

Rod Kathy Brandon
$9,400 $3,800 $3,300
(lock game)

[wagering suggestions for these scores]

Final Jeopardy! Round responses

RELIGION
BrandonWho was Nicholas II?
$3,000
KathyWho is Nicolas II?
$3,700
RodWho is Nicholas II?
$100
Nicholas II

Final scores:

Rod Kathy Brandon
$9,500 $7,500 $6,300
4-day champion: $31,400 2nd place: Trip to Ireland 3rd place: Trip to Westin St. Francis Hotel, San Francisco

Game dynamics:

Coryat scores:

Rod Kathy Brandon
$7,900 $3,800 $3,200
27 R
(including 2 DDs),
6 W
15 R,
7 W
11 R
(including 1 DD),
3 W

Combined Coryat: $14,900

[game clues] [game scores] [suggest correction]

Game tape date: 2001-08-21
The J! Archive is created by fans, for fans. Scraping, republication, monetization, and malicious use prohibited; this site may use cookies and collect identifying information. See terms. The Jeopardy! game show and all elements thereof, including but not limited to copyright and trademark thereto, are the property of Jeopardy Productions, Inc. and are protected under law. This website is not affiliated with, sponsored by, or operated by Jeopardy Productions, Inc. Join the discussion at JBoard.tv.